00369cam a22001097a 4500008004000000082001300040245010000053250001200153260003500165300001000200700004900210180718b1963 xxu||||| |||| 00| 0 eng d aC41 Un3t aTeaching human rights: a handbook for teacherscby Office of Public Information, United Nations a2nd ed. aNew YorkbUnited Nationsc1963 a79+p. aUnited Nations. Office of Public Information